05秋田県の市町村(選択形式) - Statistics

General Stats
  • This quiz has been taken 30 times
  • The average score is 20 of 25
Answers on the Map
Answers color-coded by a green-red scale on the quiz's map according to % correct below.
 
Answer Stats
Answer % Correct
08:由利本荘市
96%
01:秋田市
92%
25:東成瀬村
92%
09:潟上市
88%
12:にかほ市
88%
15:上小阿仁村
88%
02:能代市
83%
16:藤里町
83%
19:五城目町
83%
07:鹿角市
79%
11:北秋田市
79%
17:三種町
79%
18:八峰町
79%
21:井川町
79%
23:美郷町
79%
05:男鹿市
75%
10:大仙市
75%
13:仙北市
75%
14:小坂町
75%
22:大潟村
75%
24:羽後町
75%
03:横手市
71%
04:大館市
71%
06:湯沢市
71%
20:八郎潟町
67%
No matching quizzes found
Score Distribution
Percent of People with Each Score
Percentile by Number Answered
Your Score History
You have not taken this quiz